Future of NR: High prices, tough challenges (Record no. 59701)

MARC details
000 -LEADER
fixed length control field 00333nam a2200133Ia 4500
100 ## - MAIN ENTRY--AUTHOR NAME
Personal name Venugopal P
245 #0 - TITLE STATEMENT
Title Future of NR: High prices, tough challenges
260 ## - PUBLICATION, DISTRIBUTION, ETC. (IMPRINT)
Name of publisher Rubber Asia
Year of publication 2010
300 ## - PHYSICAL DESCRIPTION
Number of Pages 58-64,73
500 ## - GENERAL NOTE
General note Source Year: 2010
650 ## - SUBJECT ADDED ENTRY--TOPICAL TERM
Topical Term NR price
942 ## - ADDED ENTRY ELEMENTS (KOHA)
Koha item type Journals
Holdings
Withdrawn status Lost status Damaged status Not for loan Home library Current library Date acquired Serial Enumeration / chronology Koha item type
      Journals RRII Library RRII Library 18/01/2011 Volume 24, Issue 6 Journals